000
00255nam a22001217a 4500
020
_a
07-0-30750-4
082
_a
551 HUA'P
100
_a
HUANG, W.T
_9
78526
245
_a
PETROLOGY
260
_a
NEWYORK
_b
MCGRAW HILL
_c
1962
300
_a
480P
942
_c
BK
999
_c
583636
_d
583636